The color of silver : (Record no. 26923)

000 -LEADER
fixed length control field 01327cam a22003134a 4500
001 - CONTROL NUMBER
control field 11811592
005 - DATE AND TIME OF LATEST TRANSACTION
control field 20170207092306.0
008 - FIXED-LENGTH DATA ELEMENTS--GENERAL INFORMATION
fixed length control field 991015s2000 lauaf b s001 0beng
010 ## - LIBRARY OF CONGRESS CONTROL NUMBER
LC control number 99053775
020 ## - INTERNATIONAL STANDARD BOOK NUMBER
International Standard Book Number 0807125334 (alk. paper)
050 00 - LIBRARY OF CONGRESS CALL NUMBER
Classification number NK7198 .S67L58 2000
100 1# - MAIN ENTRY--PERSONAL NAME
Personal name Littleton, Taylor.
245 14 - TITLE STATEMENT
Title The color of silver :
Remainder of title William Spratling, his life and art /
Statement of responsibility, etc. Taylor D. Littleton.
260 ## - PUBLICATION, DISTRIBUTION, ETC. (IMPRINT)
Place of publication, distribution, etc. Baton Rouge :
Name of publisher, distributor, etc. Louisiana State University Press,
Date of publication, distribution, etc. 2000.
300 ## - PHYSICAL DESCRIPTION
Extent xviii, 322 p., [52] p. of plates :
Other physical details ill. ;
Dimensions 24cm.
440 #0 - SERIES STATEMENT/ADDED ENTRY--TITLE
Title Southern biography series
504 ## - BIBLIOGRAPHY, ETC. NOTE
Bibliography, etc Includes bibliographical references (p. [307]-314) and index.
600 10 - SUBJECT ADDED ENTRY--PERSONAL NAME
Personal name Spratling, William,
Dates associated with a name 1900-1967.
650 #0 - SUBJECT ADDED ENTRY--TOPICAL TERM
Topical term or geographic name as entry element Silversmiths
Geographic subdivision Mexico
-- Taxco de Alarcón
Form subdivision Biography.
650 #0 - SUBJECT ADDED ENTRY--TOPICAL TERM
Topical term or geographic name as entry element Silverwork
Geographic subdivision Mexico
General subdivision History
Chronological subdivision 20th century.
650 #0 - SUBJECT ADDED ENTRY--TOPICAL TERM
Topical term or geographic name as entry element Decoration and ornament
Geographic subdivision Mexico
-- Taxco de Alarcón
General subdivision Art deco.
942 ## - ADDED ENTRY ELEMENTS (KOHA)
Source of classification or shelving scheme
Koha item type Hard Covered Materials
Holdings
Withdrawn status Lost status Source of classification or shelving scheme Damaged status Not for loan Home library Current library Shelving location Date acquired Source of acquisition Total Checkouts Full call number Barcode Date last seen Price effective from Koha item type
          MACHAKOS UNIVERSITY LIBRARY MACHAKOS UNIVERSITY LIBRARY Technical section 07/02/2017 Donation(BFA)   NK7198 .S67L58 2000 34569 03/08/2018 07/02/2017 Hard Covered Materials
© Machakos University Library, Along The Highway, Machakos Wote Rd, Machakos, Kenya P.O. Box 136 - 90100 Machakos - Kenya

Tel: ( +254 ) 723 805829 OR Fax : 044-20353 OR Email: library@mksu.ac.ke